000 00858nas a2200277 4500
001 BR0904979
003 BR-BrBNA
005 20231205113558.0
007 ta
008 230509b bl.|||p| |||| 00| 00por d
040 _aBR-BrBNA
_bpor
_cBiblioteca Nacional de Agricultura
041 _a(En)
072 _aL70
100 1 _aLins, B.T.
100 1 _aRahal, S.C.
100 1 _aLouzada, M.J.
100 1 _aDalmas, J.C.
100 1 _aSelmi, A.L.
245 1 _aMechanical resistance of the modified stabilization method for the tibial tuberosity advancement technique. Ex vivo experimental study in dogs
650 _aCÃO
650 _aVETERINÁRIA
650 _aCIRURGIA
773 0 _tCiência Rural (Brazil)
_xISSN 0103-8478
_g(Mar-Apr 2009), v. 39(2) p. 467-472
_wBR0904979
909 _a202311
_bLúcia
_c55
_dLúcia Elande
942 _2AGRIS
_n0
_cANA
999 _c204544
_d204544